Isu-isu dalam pengukuran dan penilaian Bahasa Malaysia
| Main Author: | |
|---|---|
| Format: | Book |
| Published: |
Kuala Lumpur :
Dewan Bahasa dan Pustaka ,
1987
|
MARC
| LEADER | 00000cam a2200000 7i4500 | ||
|---|---|---|---|
| 001 | 0000058810 | ||
| 005 | 20160114.0 | ||
| 008 | 160114 | ||
| 090 | 0 | 0 | |a 499.28 |b AZM |
| 100 | 1 | |a Azman Wan Chik | |
| 245 | 1 | 0 | |a Isu-isu dalam pengukuran dan penilaian Bahasa Malaysia |c Azman Wan Chik |
| 260 | |a Kuala Lumpur : |b Dewan Bahasa dan Pustaka , |c 1987 | ||
| 999 | |a 0000099424 |b Book |c Adult Collection |e Cawangan Mersing | ||
| 999 | |a 0000099427 |b Book |c Adult Collection |e Cawangan Muar | ||